00750nam a2200241 a 4500001001300000003000900013005001700022008004100039020002300080082001500103100002000118245007400138260003900212300000900251500003500260505001000295650002300305700002000328902000800348942000700356952012800363999001700491nice12345678IN_TiNIC20260116014318.0070427s2007 lona grp 000 0 eng  a1842931393 c39500a305.4bMAR aMarvelly, Paula aWomen of Wisdomb The Journey of the Sacred Feminine Through the Ages aLondon bWatkins Publishing c2007 a308p aincludes index and biblioraphy2 aindex aWomen and Religion1 aMarvelly, Paula bSRS cBK 001040708StackRoom-aHMIbHMId2007-04-27g395.00l2o305.4 MARp022035r2024-12-16s2024-12-16v395.00w2007-04-27yBK c14763d14763